Регионална библиотека "Любен Каравелов" - Русе

Парад на духа (Запис номер 70684)

MARC детайли
000 -Лидер
Контролно поле с фиксирана дължина 02034nam a2200469 c 4500
003 - Код на организацията, давaща контролен номер
Контролно поле BLK
005 - Дата и час на последна редакция
Контролно поле 20180422103147.0
008 - Елементи от данни с фиксирана дължина
fixed length control field 180408b bul|||||r ||||||| ||bul||
010 ## - Наследен системен номер
LC control number KNG00075045000
020 ## - Международен стандартен номер на книга ISBN
Международен стандартен номер на книга ISBN 954-8248-48-4
-- издат.: Работилница за книжнина Васил Станилов
040 ## - Източник на каталожния запис
Идентификатор на билиотеката - собственик на записа BLK
041 ## - Код за език
Код за езика на текст/звукозапис или на отделно заглавие Български
Код за езика КДБФ Български
080 ## - УДК
Текстов определител УДК Цивилизация. Култура. Прогрес. История на културата вж 930.85
УДК код - определител по УДК 008
УДК определител (092)(047.53)
УДК - код + определител 008(092)(047.53)
080 ## - УДК
Текстов определител УДК Творчески и изпълнителски професии
УДК код - определител по УДК 7.071
УДК определител (092)(047.53)
УДК - код + определител 7.071(092)(047.53)
080 ## - УДК
Текстов определител УДК Биографии
УДК код - определител по УДК 929
УДК определител (100)
УДК - код + определител 929(100)
100 1# - Редна дума - Автор
Автор Венецианов, Стефан
Авторска отговорност първи автор
R(LIN) 255506
139 ## - Редно поле
Редна дума Венецианов, Стефан
Авторски знак Вен - В 46
245 10 - Сведения за заглавието
Заглавие Парад на духа
Подзаглавни данни 151 срещи с известни личности от цял свят
Редно поле (дума) Стефан Венецианов; предг. от Йордан Александров.
250 ## - Област на изданието
Сведения за изданието 3. доп. изд.
257 ## - Страна на издаване
Страна на създаване/издаване България
260 ## - Област на издателските данни
-- София
Име на издателя, разпространителя и проч. Работилница за книжнина Васил Станилов
Година на издаване 2006
300 ## - Физическа характеристика
Страници 628 с.
Илюстрации и др. с портр.
Размери/Мащаб 21 см
380 ## - Жанр
Жанр Общ отдел
500 ## - Общи забележки
Забележка 1. изд. 1994 със загл. Личности въпреки всичко. Откровения : Кн. 1. Култура. - Офс. изд.
650 #4 - Допълнително описание по предмет – тема
Основно описание – тема или топоним Култура
9 (RLIN) 159819
650 #4 - Допълнително описание по предмет – тема
Основно описание – тема или топоним Изкуство
9 (RLIN) 156342
653 ## - Ключова дума – ненормативна
Ключова дума артисти
653 ## - Ключова дума – ненормативна
Ключова дума музиканти
653 ## - Ключова дума – ненормативна
Ключова дума певци
653 ## - Ключова дума – ненормативна
Ключова дума композитори
653 ## - Ключова дума – ненормативна
Ключова дума балетисти
653 ## - Ключова дума – ненормативна
Ключова дума писатели
653 ## - Ключова дума – ненормативна
Ключова дума режисьори
653 ## - Ключова дума – ненормативна
Ключова дума културни дейци
653 ## - Ключова дума – ненормативна
Ключова дума интервюта
700 1# - Други автори (авторска отговорност)
Лично име Александров, Йордан
Автороска отговорност (Описва отношението между автора и произведението) предг. от
9 (RLIN) 371225
852 ## - Местоположение
Форматна сигнатура Цб 233888
856 4# - Електронен адрес и достъп
Електронен формат pdf - файл
Път до файла /url/
856 4# - Електронен адрес и достъп
Електронен формат pdf - файл
Път до файла /url/
942 ## - АРТИКУЛИ
Вид на библиотечния материал Книги
Скрит в OPAC Не
Koha issues (borrowed), all copies 1
944 ## - СЪЗДАВАНЕ И РЕДАКЦИЯ на ЗАПИСА
Създаване/Редакция Създаване
Дата на регистрацията/редакция 16.05.2007
Служител, извършил регистрацията/редакцията Людмила_Стоянова
944 ## - СЪЗДАВАНЕ И РЕДАКЦИЯ на ЗАПИСА
Създаване/Редакция Редакция
Дата на регистрацията/редакция 14.10.2008
Служител, извършил регистрацията/редакцията
999 ## - СИСТЕМНИ КОНТРОЛНИ НОМЕРА
Koha biblionumber 70684
Koha biblioitemnumber 70684
Наличности
Код за отписване Код за изгубен артикул Източник на класификационната схема Код за повреда Коз за рестрикции Код за отдаване Артикулен № Име на библиотеката - собственик Име на библиотеката, в която се намира в момента Статус (Текущо местоположение) Дата на вписване в системата Местоположение - отдел Цена в лева Инвентарен номер Систематично азбучна сигнатура Баркод Номер на екземпляра Цена в евро Служебна бележка Служебен тип на артикула
  Не е изгубен Universal Decimal Classification Не е повреден само за читалня ползва се в читалня 115371 Регионална библиотека "Любен Каравелов" Русе Регионална библиотека "Любен Каравелов" Русе Хранилище 2007-05-16 Хранилище 12.00 120000713577 Цб 233888 120000713577 1 6.14 Дост: Dp Вид: Д N: 50 Дата: 15.11.2006 Книги
  Не е изгубен Universal Decimal Classification Не е повреден без рестрикции заемане за дома 115372 Регионална библиотека "Любен Каравелов" Русе Регионална библиотека "Любен Каравелов" Русе Заемна - подръчен фонд 2007-07-25 Заемна - подръчен фонд 12.00 120000715563 П 008/В 46 120000715563 2 6.14 Дост: Pk Вид: Ф N: 6869 Дата: 20.07.2007 Дата инв: 01.02.2018 Бележки инв: П2018 Книги
  Не е изгубен Universal Decimal Classification Не е повреден без рестрикции заемане за дома 115373 Регионална библиотека "Любен Каравелов" Русе Регионална библиотека "Любен Каравелов" Русе Отдел Изкуство - подръчен фонд 2008-09-29 Отдел Изкуство - подръчен фонд 12.00 120000729834 0/В 46 120000729834 3 6.14 Дост: Pk Вид: Ф N: 8936 Дата: 24.09.2008 Дата инв: 10.02.2015 Бележки инв: ИП2015 Книги
Vip Innovations Ltd, Rousse, Bulgaria 2025